[Event "16. Sparkassen Open 2017 - Gruppe C"]
[Site "Forchheim"]
[Date "2017.10.01"]
[Round "5.22"]
[White "Englert, Lin"]
[Black "Heger, Heinz"]
[Result "0-1"]
[WhiteElo "1298"]
[BlackElo "1135"]
[PlyCount "86"]
[EventDate "2017.??.??"]
[WhiteTeam "TV-Großostheim"]
[BlackTeam "SC Forchheim"]

1. e4 e5 2. Nf3 Nc6 3. Bb5 Nge7 4. O-O a6 5. Ba4 b5 6. Bb3 Na5 7. Nxe5 Nxb3 8.
axb3 d6 9. Nf3 Bb7 10. Re1 Ng6 11. d4 c6 12. e5 Be7 13. Nc3 O-O 14. exd6 Bxd6
15. Ne5 Bb4 16. Re2 Nh4 17. g3 Nf5 18. Be3 f6 19. Nd3 Ba5 20. Nf4 Re8 21. Qd3
Nxe3 22. Rxe3 Bb6 23. Rxe8+ Qxe8 24. Qe3 Qxe3 25. fxe3 Re8 26. Re1 Bxd4 27. Kf2
Bc5 28. Nd3 Bb6 29. Kf3 c5+ 30. Kf2 g5 31. e4 c4+ 32. Kf3 cxd3 33. cxd3 f5 34.
h3 h5 35. h4 g4+ 36. Kf4 fxe4 37. dxe4 Bc7+ 38. Kg5 Re5+ 39. Kh6 b4 40. Na4 Bd6
41. Nb6 Bf8+ 42. Kg6 Bxe4+ 43. Kf6 Bg7# 0-1